000 00624nam a2200205Ia 4500
005 20230506103454.0
008 131103s9999 xx 000 0 und d
020 _a0 7100 7282 1
_cP.B.G.4
040 _aLoreto College
041 _aEnglish
082 _a823.809
_bCAZ
245 4 _aThe Social novel in England 1830 - 1850
_cTranslated by Louis Cazamian & Martin Fido
260 _aLondon
_bRoutledge
_c1973
300 _axii,369p.
504 _aIncludes bibliographical references & index
650 _aEnglish fiction - criticism
700 _aCazamian, Louis & Fido, Martin ; tr
850 _aLCLIB
942 _cBK
999 _c22247
_d72726